1672 1305 1724 1918 1192 1794 1879 1248 1872 1660 1694 1906 1408 1572 1886 1598 1305 1571 1229 1580 1090 1403 1868 1192 1761 1462 1238 1411 1223 1389 1949 1666 1891 1283 1726 1541 1238 1785 1595 1846 1831 1811 1675 1716 1205 1006 1092 1407 1910 1102 1555 1451 1587 1900 1213 1539 1051 1113 1572 1625 1934 1931 1305 1009 1028 1850 1755 1377 1536 1524 1020 1794 1412 1799 1735 1762 1056 1694 1029 1576 1815 1642 1726 1913 1294 1011 1500 1386 1711 1897 1608 1114 1349 1025 1512 1436 1026 1897 1095 BCNSPRNW ULIB Ver.6.0+V

เปลี่ยนเป็นภาษาไทย

Change to English
 แสดงรายละเอียดบรรณานุกรม
  กลับหน้าหลัก

Brief Record : Get Marc (ISO 2709) : E-mail record : QR code < ปิดหน้าต่าง
LEADER : 00000nam 2200000uu 4500
001    13399120446
003     ULIB
008    120920s2546||||th 000 0 tha d
020    ^a9746581201
060 04 ^aWB115^bว862อ 2546
245 00 ^aอายุรศาสตร์ประยุกต์^nเล่ม 1 /^cวุฒิเดช โอภาศเจริญสุข,อภิชาต สุคนธสรรพ์, บรรณาธิการ
250    ^aพิมพ์ครั้งที่ 1
260    ^aเชียงใหม่ :^bไอแอมออเกไนเซอร์,^c2546
300    ^a[12], 422 หน้า :^bภาพประกอบ ;^c29 ซม.
650  2 ^aMedicine
650  7 ^aอายุรศาสตร์ประยุกต์
650  7 ^aอายุรศาสตร์
650  7 ^aอายุรศาสตร์^vรวมเรื่อง
653    ^aผลงานอาจารย์คณะแพทยศาสตร์ศิริราชพยาบาล
700 0  ^aวุฒิเดช โอภาศเจริญสุข,^eบรรณาธิการ
700 0  ^aอภิชาต สุคนธสรรพ์,^eบรรณาธิการ
945    ^p320^l0^i24710
995    ^aกัณชพร
999 ^a ใช้งานได้ทุกระบบ
รายการนี้ยังไม่มีแท็ก
คุณยังไม่ได้ล็อกอิน คุณสามารถมีกิจกรรมร่วมกับเว็บไซต์ได้ แต่ต้องล็อกอินก่อน ::
  ล็อกอิน

รายการสื่อสารสนเทศ

ลำดับที่ ประเภท เลขเรียก/บาร์โค้ด สถานที่ สถานะ
1. วิทยาศาสตร์การแพทย์ และสุขภาพ
วิทยาศาสตร์การแพทย์ และสุขภาพ
WB115 ว862อ 2546  
  Barcode: 24710
ห้องสมุดวิทยาเขตสวรรค์ประชารักษ์
►หนังสือทั่วไป
บนชั้น

รายการใกล้เคียง
    หัวเรื่อง [Medicine]
    หัวเรื่อง [อายุรศาสตร์]

BibComment


ยังไม่เคยถูกคอมเมนท์

คอมเมนท์ทรัพยากรรายการนี้
  คอมเมนท์: อายุรศาสตร์ประยุ..


 Copyright 2026. Bcnsprnw @Library